00988cam a22002894a 4500999001700000001000900017003000400026005001700030008004100047010001700088020002800105040001800133042000800151050002300159082001600182100002200198245009500220250001200315260005700327300007200384500002000456650001700476700002600493906004500519942001200564952012200576 c32052d3205212704600OSt20170116133311.0020314s2003 nyua 001 0 eng  a 2002018069 a0766840263 (alk. paper) aDLCcDLCdDLC apcc00aTK7816b.M433 200300a621.3812211 aMeade, Russell L.10aFoundations of Electronics, Circuits and Devices /cRussell L. Meade, Robert Diffenderfer. a4th ed. aClifton Park, NY :bThomson/Delmar Learning,cc2003. axxxii, 1152 p. :bill. (some col.) ;c26 cm. + 1 CD-ROM (4 3/4 in.) aIncludes index. 0aElectronics.1 aDiffenderfer, Robert. a7bcbccorignewd1eocipf20gy-gencatlg 2ddccBK 00102ddc4070aSMMEbSMMEd2015-07-16l1o621.381 MEApSMME-619q2022-05-12r2022-01-12s2022-01-12w2015-07-16yBK